00499 2200205 4500001002100000005001500021008004100036020002200077035001900099041000700118082000800125090001400133100001100147700001600158245002600174260002700200300003400227500000600261650002600267INLIS00000000000625620241224113246241224||||||||| | ||| |||| || |  a978-979-9412-99-7 0010-1224006256 aen0 a813 a813 WID y0 aWidi M0 aH. Abitur A00aYou Are What You Wear aJakartabTropicac2015 a21x15 cm, iv, 60 hlm.; ilus.: a1 0awear -- Kesusasteraan